| 000 | 00359nam a2200109Ia 4500 | ||
|---|---|---|---|
| 008 | 160531s9999 xx 000 0 und d | ||
| 100 | _aYasser, Hassan Abid. | ||
| 245 | _aLinear Algebra: Theorems and Applications | ||
| 245 | _cby Hassan Abid Yasser (ed.) | ||
| 260 | _c2012 | ||
| 856 | _uhttp://www.intechopen.com/books/linear-algebra-theorems-and-applications | ||
| 999 |
_c295151 _d295151 |
||